[Event "ICS rated standard match"]
[Site "204.178.125.65"]
[Date "2001.07.25"]
[Round "?"]
[White "Hossa-Tester"]
[Black "Hossa"]
[Result "1/2-1/2"]
[WhiteElo "2332"]
[BlackElo "2287"]
[PlyCount "157"]
[EventDate "2001.??.??"]

1. e4 Nf6 2. e5 Nd5 3. d4 d6 4. Bc4 Nb6 5. Bb3 dxe5 6. Qh5 e6 7. dxe5 Nc6 8.
Nf3 g6 9. Qg4 Bg7 10. Bg5 Qd7 11. Qe4 h6 12. Bf4 Na5 13. O-O O-O 14. Nc3 Qe7
15. Rad1 Bd7 16. Rfe1 c5 17. a3 Bc6 18. Qe2 Nxb3 19. cxb3 Rfd8 20. Ne4 Bxe4 21.
Qxe4 Rxd1 22. Rxd1 Rd8 23. Rxd8+ Qxd8 24. Qc2 g5 25. Be3 Nd7 26. h4 g4 27. Nd2
b6 28. b4 cxb4 29. Qa4 Bxe5 30. Qxa7 bxa3 31. Qxa3 Qxh4 32. g3 Bxg3 33. fxg3
Qxg3+ 34. Kh1 h5 35. Qa8+ Kg7 36. Nf1 Qd6 37. Qd8 f6 38. Bf2 Qc6+ 39. Kg1 Ne5
40. Qxb6 Nf3+ 41. Kh1 Qxb6 42. Bxb6 f5 43. b4 Kf8 44. b5 Ke8 45. Bc7 Kd7 46. b6
h4 47. Ne3 Ne1 48. Nc4 Nd3 49. Kg1 Nc5 50. Ne5+ Kc8 51. Nf7 h3 52. Nd6+ Kd7 53.
Nf7 Nb3 54. Ne5+ Kc8 55. Kh2 Nd2 56. Nf7 Nc4 57. Kg3 Kd7 58. Kh2 Na5 59. Ne5+
Kc8 60. Nf7 Nc6 61. Nd6+ Kd7 62. Nc4 Nd4 63. Ne5+ Kc8 64. Nf7 Nf3+ 65. Kg3 Kd7
66. Kf2 Nd2 67. Bf4 Ne4+ 68. Kg1 Kc8 69. Nd8 Nc5 70. b7+ Nxb7 71. Nxe6 Kd7 72.
Nd4 Nd6 73. Bxd6 Kxd6 74. Nxf5+ Ke6 75. Ne3 g3 76. Nf1 g2 77. Ne3 Ke5 78. Nxg2
hxg2 79. Kxg2 {Game drawn because neither player has mating material} 1/2-1/2

[Event "ICS rated blitz match"]
[Site "204.178.125.65"]
[Date "2001.07.25"]
[Round "?"]
[White "Hossa"]
[Black "Baku"]
[Result "1/2-1/2"]
[WhiteElo "2494"]
[BlackElo "2073"]
[PlyCount "136"]
[EventDate "2001.??.??"]

1. Nf3 e6 2. d4 f5 3. d5 Nf6 4. dxe6 dxe6 5. Qxd8+ Kxd8 6. e3 Nc6 7. Bc4 Bd6 8.
O-O Ke7 9. Rd1 Ne5 10. Nxe5 Bxe5 11. f4 Bd6 12. Nc3 Bd7 13. a3 a5 14. b3 Bc6
15. Ne2 Bc5 16. Nd4 Bxd4 17. exd4 Rhd8 18. Re1 Ne4 19. Be3 Bd5 20. Bd3 b6 21.
c4 Bb7 22. Ra2 Rd7 23. Rae2 Rad8 24. Bxe4 Bxe4 25. Bf2 Kf7 26. h3 h5 27. Kh2
Rb8 28. Kg3 g6 29. a4 c6 30. Ra2 Kf6 31. Be3 Ra7 32. Bd2 Rd7 33. Bc3 Kf7 34.
Rd2 Rbd8 35. Rde2 Ra8 36. Kf2 Rb7 37. g4 hxg4 38. hxg4 Rh8 39. Kg3 Rh7 40. Bb2
Kg8 41. Re3 Rh6 42. g5 Rh5 43. R1e2 Rbh7 44. Ba3 Rh3+ 45. Kf2 Rh2+ 46. Ke1 Rh1+
47. Kd2 Rf1 48. Bd6 Rhh1 49. Re1 Rf2+ 50. R3e2 Rxe2+ 51. Rxe2 Rh7 52. Kc3 Rh3+
53. Kb2 Rh7 54. Bb8 Kf8 55. c5 b5 56. Bd6+ Ke8 57. axb5 cxb5 58. c6 Kd8 59. c7+
Kc8 60. Ka3 Bd5 61. Rc2 Rh3 62. Rb2 Rd3 63. Be5 Rh3 64. Bd6 Rd3 65. Be5 Rh3 66.
Bd6 Rd3 67. Be5 Rh3 68. Bd6 Rd3 {Game drawn by repetition} 1/2-1/2

[Event "ICS Rated blitz match"]
[Site "204.178.125.65"]
[Date "2001.07.25"]
[Round "?"]
[White "alzatedario"]
[Black "Hossa"]
[Result "0-1"]
[WhiteElo "2082"]
[BlackElo "2481"]
[PlyCount "82"]
[EventDate "2001.??.??"]

1. e4 Nf6 2. e5 Nd5 3. Nc3 Nxc3 4. dxc3 Nc6 5. Nf3 g6 6. Bf4 Bg7 7. Bb5 O-O 8.
Qd2 d6 9. Bxc6 bxc6 10. h3 f6 11. O-O-O Be6 12. exf6 Rxf6 13. Be5 Rxf3 14. Bxg7
Rf5 15. Bd4 Bd5 16. f4 e6 17. Rhf1 Bc4 18. Rfe1 c5 19. Be3 Rd5 20. Qf2 Rxd1+
21. Rxd1 Qf6 22. Kb1 Rb8 23. Qd2 a5 24. Ka1 Bd5 25. g4 Qh4 26. Qh2 Bf3 27. Rg1
Bxg4 28. Qg3 Qxh3 29. Qf2 Qf3 30. Qd2 a4 31. c4 Qe2 32. Qc3 Bf5 33. Rc1 h6 34.
a3 Kh7 35. Ka2 Qf3 36. Rg1 Qe4 37. Rc1 h5 38. Ka1 e5 39. Bd2 exf4 40. Qf6 Qe5
41. Qg5 Qxb2# {alzatedario checkmated} 0-1

[Event "ICS rated blitz match"]
[Site "204.178.125.65"]
[Date "2001.07.25"]
[Round "?"]
[White "Hossa"]
[Black "alzatedario"]
[Result "1-0"]
[WhiteElo "2484"]
[BlackElo "2079"]
[PlyCount "93"]
[EventDate "2001.??.??"]

1. d4 d5 2. Nf3 c6 3. e3 Nf6 4. c4 a6 5. cxd5 cxd5 6. Bd2 Nc6 7. Nc3 Bf5 8. Be2
e6 9. Nh4 Bg6 10. Nxg6 hxg6 11. Rc1 Bd6 12. g3 Rc8 13. h4 Qc7 14. Rg1 O-O 15.
g4 Qe7 16. h5 g5 17. h6 gxh6 18. Rh1 Kg7 19. Bd3 e5 20. dxe5 Nxe5 21. Bf5 d4
22. Bxc8 Rxc8 23. exd4 Nf3+ 24. Kf1 Nxd2+ 25. Qxd2 Bf4 26. Re1 Qd7 27. Qd3 Nxg4
28. Rh3 Rd8 29. Rd1 b5 30. Ne2 Bb8 31. Kg1 Ba7 32. Ng3 Rh8 33. Nf5+ Kg8 34. Qf3
h5 35. Qa8+ Kh7 36. Rxh5+ Kg6 37. Rxh8 Qxf5 38. Qg8+ Kf6 39. Rd2 Qb1+ 40. Kg2
Qe4+ 41. f3 Ne3+ 42. Kg1 Qb1+ 43. Kf2 Nf5 44. Qd8+ Kg6 45. Rg8+ Kh7 46. Rxg5
Bc5 47. Qg8+ {alzatedario resigns} 1-0

[Event "ICS rated standard match"]
[Site "204.178.125.65"]
[Date "2001.07.25"]
[Round "?"]
[White "Hossa"]
[Black "ChesterX"]
[Result "0-1"]
[WhiteElo "2289"]
[BlackElo "2550"]
[PlyCount "93"]
[EventDate "2001.??.??"]

1. e4 c5 2. Nf3 d6 3. Bb5+ Bd7 4. Bxd7+ Qxd7 5. O-O Nc6 6. Nc3 e5 7. Ne1 Nf6 8.
f4 exf4 9. Rxf4 Be7 10. d3 O-O 11. Be3 d5 12. exd5 Nxd5 13. Nxd5 Qxd5 14. c3
Rfe8 15. Rf1 Bd6 16. Nc2 Rad8 17. d4 cxd4 18. cxd4 Qe4 19. Bg5 Rc8 20. Qd2 f6
21. Rfe1 Qf5 22. Bh4 Ne7 23. Ne3 Qb5 24. Qf2 Qa4 25. Red1 Qd7 26. Bg3 Bxg3 27.
Qxg3 Nd5 28. Nxd5 Qxd5 29. Rd2 Re4 30. Qf3 Rce8 31. b3 Qg5 32. Qd3 Re3 33. Qc4+
Kh8 34. Qc1 Qh4 35. g3 Qg5 36. Rf2 Qg4 37. Rf4 Qd7 38. Qc5 Re2 39. Rf2 Rxf2 40.
Kxf2 Rc8 41. Qxa7 Rc2+ 42. Kg1 h6 43. Qb8+ Kh7 44. Qf4 Qd5 45. Qf1 Qxd4+ 46.
Kh1 Qd5+ 47. Kg1 {Hossa resigns} 0-1

[Event "ICS rated standard match"]
[Site "204.178.125.65"]
[Date "2001.07.27"]
[Round "?"]
[White "Hossa-Tester"]
[Black "Hossa"]
[Result "1-0"]
[WhiteElo "2322"]
[BlackElo "2283"]
[PlyCount "124"]
[EventDate "2001.??.??"]

1. e4 a5 2. d4 d5 3. e5 Bf5 4. Bd3 Bxd3 5. Qxd3 e6 6. f4 Nc6 7. Nf3 Nh6 8. O-O
Be7 9. c3 Qd7 10. Be3 a4 11. Bf2 Ng4 12. Nbd2 a3 13. b4 f6 14. exf6 gxf6 15.
Rae1 O-O-O 16. Nb1 Bd6 17. Bg3 Rhg8 18. Nxa3 Nh6 19. Nb5 Nf5 20. Nxd6+ Nxd6 21.
Nd2 Rde8 22. Nb3 Nc4 23. Nc5 Qf7 24. b5 Nd8 25. Rf2 Rg4 26. Rfe2 Qg8 27. a4 h5
28. Qf3 h4 29. Bf2 b6 30. Na6 Re7 31. h3 Rxg2+ 32. Qxg2 Rg7 33. Bxh4 Rxg2+ 34.
Rxg2 Qh8 35. Bf2 Qxh3 36. Rg7 Nf7 37. Rg3 Qf5 38. Re2 Kd7 39. Rg7 Qh5 40. Re1
Kd6 41. Kg2 Qh8 42. Rg6 Qh7 43. f5 Ng5 44. Rxg5 fxg5 45. Rxe6+ Kd7 46. Nb8+ Kd8
47. Nc6+ Kd7 48. Bg3 Qf7 49. Bxc7 Qxf5 50. Re7+ Kc8 51. Na7+ Kb7 52. Bg3+ Ka8
53. Nc6 Qc2+ 54. Bf2 Qxa4 55. Re8+ Kb7 56. Bg3 Nd6 57. Re7+ Ka8 58. Bxd6 Qc2+
59. Kh3 Qxc3+ 60. Kg4 Qxd4+ 61. Kf5 Qe4+ 62. Rxe4 dxe4 {Hossa resigns} 1-0

[Event "ICS rated standard match"]
[Site "204.178.125.65"]
[Date "2001.07.27"]
[Round "?"]
[White "Hossa"]
[Black "Hossa-Tester"]
[Result "0-1"]
[WhiteElo "2269"]
[BlackElo "2336"]
[PlyCount "79"]
[EventDate "2001.??.??"]

1. e4 Nc6 2. d4 e5 3. dxe5 Nxe5 4. f4 Ng6 5. Bc4 Qh4+ 6. g3 Qf6 7. Nc3 Bb4 8.
Nge2 N8e7 9. a3 Bc5 10. b4 Bb6 11. Bb2 O-O 12. Nd5 Qd6 13. Nxb6 Qxb6 14. f5 d5
15. Bxd5 Nxd5 16. Qxd5 c6 17. Qd2 Ne7 18. f6 Ng6 19. fxg7 Rd8 20. Qh6 a5 21.
Rb1 axb4 22. Bf6 Rd6 23. Rf1 Qc5 24. Rd1 Rxd1+ 25. Kxd1 bxa3 26. Nc1 a2 27. Nb3
Qb5 28. Ke1 Ne5 29. Na1 Bg4 30. Qd2 Qb1+ 31. Kf2 Bh3 32. Bxe5 Qxf1+ 33. Ke3 Bg4
34. Qf2 Ra3+ 35. Nb3 a1=Q 36. Bxa1 Qxa1 37. Qd2 Kxg7 38. Qd4+ Qxd4+ 39. Kxd4
Ra2 40. Kd3 {Hossa resigns} 0-1

[Event "ICS rated blitz match"]
[Site "204.178.125.65"]
[Date "2001.07.27"]
[Round "?"]
[White "Viveiros"]
[Black "Hossa"]
[Result "0-1"]
[WhiteElo "2059"]
[BlackElo "2487"]
[PlyCount "84"]
[EventDate "2001.??.??"]

1. Nf3 d5 2. d4 Nf6 3. e3 Nbd7 4. Nbd2 e6 5. b3 Bb4 6. Bb2 Ne4 7. a3 Bc3 8. Qc1
c5 9. Bd3 cxd4 10. exd4 Nxd2 11. Nxd2 Bxb2 12. Qxb2 O-O 13. O-O Qc7 14. f4 Nf6
15. h3 Nh5 16. f5 Ng3 17. Rf3 exf5 18. Nf1 Ne4 19. c4 dxc4 20. bxc4 Re8 21. Re1
Bd7 22. d5 Qc5+ 23. Kh1 b5 24. Rfe3 bxc4 25. Bxe4 fxe4 26. Rxe4 Rxe4 27. Rxe4
Qxd5 28. Qd4 Qxd4 29. Rxd4 Be6 30. Ne3 c3 31. Rd3 Rc8 32. Rd1 Bb3 33. Rc1 c2
34. Kg1 g6 35. Kf2 Kg7 36. Ke2 f5 37. g3 h5 38. Kd2 Rd8+ 39. Kc3 Rd1 40. Kb2 h4
41. Kxb3 Rxc1 42. Nxc2 hxg3 {Viveiros resigns} 0-1

[Event "ICS rated blitz match"]
[Site "204.178.125.65"]
[Date "2001.07.27"]
[Round "?"]
[White "Hossa"]
[Black "brumbrum"]
[Result "1-0"]
[WhiteElo "2490"]
[BlackElo "2112"]
[PlyCount "91"]
[EventDate "2001.??.??"]

1. e4 c5 2. Nf3 Nc6 3. d4 cxd4 4. Nxd4 Nf6 5. Nc3 e5 6. Ndb5 d6 7. Bg5 a6 8.
Na3 b5 9. Nd5 Be7 10. Bxf6 Bxf6 11. c3 Bb7 12. Bd3 Ne7 13. Nxf6+ gxf6 14. O-O
d5 15. Qf3 f5 16. Rfd1 Qb6 17. exd5 e4 18. Bxe4 fxe4 19. Qxe4 Qd6 20. c4 b4 21.
Nc2 O-O 22. Nd4 Rae8 23. Qh4 Ng6 24. Qh5 Re5 25. Qg4 Rfe8 26. Qf3 a5 27. b3 Re4
28. g3 Qe5 29. Qd3 Bc8 30. f3 Re3 31. Qf1 Bf5 32. f4 Qe4 33. Nxf5 Qxf5 34. d6
Re2 35. d7 Rd8 36. Qxe2 Rxd7 37. Qe8+ Nf8 38. Rxd7 Qxd7 39. Qxd7 Nxd7 40. Rd1
Nf6 41. Rd8+ Kg7 42. c5 Ne4 43. c6 Nc3 44. c7 Nxa2 45. c8=Q Nc3 46. Rg8+ {
brumbrum resigns} 1-0

[Event "ICS rated blitz match"]
[Site "204.178.125.65"]
[Date "2001.07.27"]
[Round "?"]
[White "brumbrum"]
[Black "Hossa"]
[Result "0-1"]
[WhiteElo "2093"]
[BlackElo "2493"]
[PlyCount "34"]
[EventDate "2001.??.??"]

1. e4 d5 2. exd5 Qxd5 3. Nc3 Qa5 4. d4 Nf6 5. Nf3 Bg4 6. h3 Bh5 7. g4 Bg6 8.
Ne5 e6 9. Bg2 c6 10. O-O Bb4 11. Bd2 Nd5 12. h4 Nxc3 13. bxc3 Bxc3 14. h5 Bxd2
15. hxg6 hxg6 16. Nc4 Qc7 17. Qxd2 Qh2# {brumbrum checkmated} 0-1

[Event "ICS rated blitz match"]
[Site "204.178.125.65"]
[Date "2001.07.27"]
[Round "?"]
[White "GreatMaster"]
[Black "Hossa"]
[Result "0-1"]
[WhiteElo "2038"]
[BlackElo "2482"]
[PlyCount "60"]
[EventDate "2001.??.??"]

1. e4 e5 2. Nf3 Nc6 3. Bb5 a6 4. Ba4 Nf6 5. O-O Nxe4 6. d4 b5 7. Bb3 d5 8. dxe5
Be6 9. c3 Nc5 10. Bc2 Bg4 11. Re1 Be7 12. Bf4 b4 13. Nbd2 bxc3 14. bxc3 O-O 15.
h3 Bh5 16. Nf1 Ne6 17. Bh2 Ng5 18. N1d2 d4 19. cxd4 Nxd4 20. Be4 Rb8 21. Rb1
Bb4 22. Qa4 Ndxf3+ 23. Nxf3 Bxf3 24. Bxf3 Nxf3+ 25. gxf3 Bxe1 26. Rxe1 Rb2 27.
Kg2 Qd2 28. Bg3 Qxe1 29. f4 Rb1 30. Qxa6 Qh1# {GreatMaster checkmated} 0-1

[Event "ICS rated blitz match"]
[Site "204.178.125.65"]
[Date "2001.07.27"]
[Round "?"]
[White "Kob"]
[Black "Hossa"]
[Result "0-1"]
[WhiteElo "2166"]
[BlackElo "2498"]
[PlyCount "58"]
[EventDate "2001.??.??"]

1. e4 e5 2. Nf3 Nc6 3. Bb5 a6 4. Bxc6 dxc6 5. O-O Qd6 6. d4 exd4 7. Nxd4 Bd7 8.
Nb3 O-O-O 9. Nc3 Qg6 10. Qe2 Bd6 11. f4 h5 12. e5 Bb4 13. Na4 Bf5 14. Rf2 Bg4
15. Qc4 Rd1+ 16. Rf1 b5 17. Qxb4 Bh3 18. Qf8+ Rd8 19. Qxd8+ Kxd8 20. Rf2 bxa4
21. Nc5 Bf5 22. Be3 Bxc2 23. Nxa6 Ne7 24. Rc1 Nd5 25. Bd4 Bb1 26. a3 Be4 27.
Nc5 Nxf4 28. Nxe4 Qxe4 29. Rd1 Ne2+ {Kob resigns} 0-1

[Event "ICS rated blitz match"]
[Site "204.178.125.65"]
[Date "2001.07.27"]
[Round "?"]
[White "Hossa"]
[Black "Kob"]
[Result "1-0"]
[WhiteElo "2502"]
[BlackElo "2162"]
[PlyCount "45"]
[EventDate "2001.??.??"]

1. e4 c5 2. Nf3 d6 3. d4 cxd4 4. Nxd4 Nf6 5. Nc3 g6 6. Be3 Bg7 7. f3 O-O 8. Bc4
Nc6 9. Qe2 Nxd4 10. Bxd4 Be6 11. Bxe6 fxe6 12. O-O-O e5 13. Bxe5 Qa5 14. Bd4
Rfc8 15. Kb1 Rab8 16. Nd5 Nxd5 17. exd5 Rc7 18. Qe6+ Kh8 19. Bxg7+ Kxg7 20. h4
Rbc8 21. c3 Rxc3 22. Qxe7+ Kh6 23. h5 {Kob resigns} 1-0

[Event "ICS rated blitz match"]
[Site "204.178.125.65"]
[Date "2001.07.27"]
[Round "?"]
[White "Kob"]
[Black "Hossa"]
[Result "0-1"]
[WhiteElo "2158"]
[BlackElo "2506"]
[PlyCount "44"]
[EventDate "2001.??.??"]

1. e4 e5 2. Nf3 Nc6 3. Bb5 a6 4. Ba4 Nf6 5. O-O Be7 6. Re1 b5 7. Bb3 O-O 8. d3
d6 9. a4 bxa4 10. Rxa4 a5 11. Nc3 Nb4 12. Nd5 Nfxd5 13. exd5 Bd7 14. Ra1 a4 15.
Bc4 c6 16. dxc6 Bxc6 17. d4 Bxf3 18. gxf3 Qc7 19. b3 d5 20. Bd3 axb3 21. Rxa8
Rxa8 22. cxb3 Ra1 {Kob resigns} 0-1

[Event "ICS rated blitz match"]
[Site "204.178.125.65"]
[Date "2001.07.27"]
[Round "?"]
[White "Hossa"]
[Black "Kob"]
[Result "1-0"]
[WhiteElo "2510"]
[BlackElo "2154"]
[PlyCount "55"]
[EventDate "2001.??.??"]

1. e4 c5 2. Nf3 d6 3. d4 cxd4 4. Nxd4 Nf6 5. Nc3 g6 6. Be2 Bg7 7. O-O O-O 8.
Bg5 Nc6 9. Rb1 Nxd4 10. Qxd4 Be6 11. Qd2 Qa5 12. Qf4 Rac8 13. Qh4 b6 14. Bb5
Rxc3 15. bxc3 Qxc3 16. a4 Qxc2 17. Rbc1 Qa2 18. Rc7 a6 19. Rxe7 axb5 20. Bxf6
Bxf6 21. Qxf6 bxa4 22. Rb7 Bc4 23. Ra1 Qb3 24. Rd7 b5 25. Rxd6 a3 26. Rd2 a2
27. Rdxa2 Qb2 28. Rxb2 {Kob resigns} 1-0

[Event "ICS rated blitz match"]
[Site "204.178.125.65"]
[Date "2001.07.27"]
[Round "?"]
[White "Hossa"]
[Black "MelRose21"]
[Result "1-0"]
[WhiteElo "2518"]
[BlackElo "2193"]
[PlyCount "137"]
[EventDate "2001.??.??"]

1. d4 Nf6 2. c4 d6 3. Nf3 Bg4 4. Nc3 Nbd7 5. e4 e5 6. Be2 Be7 7. O-O Bxf3 8.
Bxf3 O-O 9. d5 a5 10. Be3 b6 11. Nb5 Nc5 12. Bxc5 bxc5 13. Qd3 Nd7 14. Bg4 Nb6
15. b3 g6 16. f4 Bf6 17. f5 g5 18. Qh3 Kg7 19. Be2 Qd7 20. Qh5 h6 21. Rae1 a4
22. Ra1 axb3 23. axb3 Rxa1 24. Rxa1 Ra8 25. Na3 Qc8 26. h4 Ra5 27. Nc2 Rxa1+
28. Nxa1 Qa6 29. Nc2 Qa2 30. hxg5 Bxg5 31. Bd3 Qxb3 32. Qe2 Qb1+ 33. Kh2 Qc1
34. g3 Qd2 35. Qxd2 Bxd2 36. Na3 Bg5 37. Nb5 Bd8 38. Na7 Kf8 39. Kg2 Na4 40.
Bc2 Nc3 41. Kf3 Na2 42. Bb3 Nb4 43. Nc6 Nxc6 44. dxc6 Bg5 45. Bd1 Ke7 46. Be2
Kf6 47. Kg4 Ke7 48. Bd3 Kd8 49. Kh5 Kc8 50. Be2 Kb8 51. f6 Ka7 52. Bg4 Kb6 53.
Bd7 Ka5 54. Be8 Bxf6 55. Kxh6 Kb6 56. g4 Be7 57. Bxf7 Kxc6 58. g5 Bf8+ 59. Kh7
Kb6 60. Be6 c6 61. Kg8 Be7 62. g6 Bg5 63. g7 Bh6 64. Kf8 d5 65. cxd5 cxd5 66.
Bxd5 c4 67. Bxc4 Kc5 68. Bd5 Kd4 69. Kf7 {MelRose21 resigns} 1-0

[Event "ICS rated blitz match"]
[Site "204.178.125.65"]
[Date "2001.07.27"]
[Round "?"]
[White "MelRose21"]
[Black "Hossa"]
[Result "0-1"]
[WhiteElo "2189"]
[BlackElo "2522"]
[PlyCount "104"]
[EventDate "2001.??.??"]

1. e4 e5 2. Nf3 Nc6 3. d3 Nf6 4. Nc3 Bb4 5. Bd2 d5 6. Nxd5 Nxd5 7. exd5 Qxd5 8.
Be2 Bxd2+ 9. Qxd2 O-O 10. O-O f6 11. Rfe1 Rd8 12. Qc3 Be6 13. Qb3 Qxb3 14. axb3
Kf7 15. h3 Bd5 16. Nd2 f5 17. Bf3 Kf6 18. Bxd5 Rxd5 19. Nf3 Rc5 20. Re2 h6 21.
Kf1 Rd8 22. Ra4 a5 23. Rc4 Rxc4 24. bxc4 a4 25. Ke1 g5 26. Rd2 Ra8 27. Rd1 a3
28. bxa3 Rxa3 29. Rb1 b6 30. Kd2 e4 31. Ne1 Nd4 32. Rb2 h5 33. c3 Nb3+ 34. Kc2
Nc5 35. d4 Na4 36. Rb3 Ra2+ 37. Kd1 Rxf2 38. Ra3 Nb2+ 39. Kc1 Nxc4 40. Ra7 Ne3
41. Rxc7 Re2 42. Rc6+ Kf7 43. Rc7+ Kf8 44. Rc8+ Ke7 45. Rc7+ Kd6 46. Rg7 Rxe1+
47. Kd2 Nxg2 48. Rxg5 e3+ 49. Kd3 Nf4+ 50. Kc2 e2 51. Kd2 Rd1+ 52. Kc2 e1=Q {
MelRose21 resigns} 0-1

[Event "ICS unrated blitz match"]
[Site "204.178.125.65"]
[Date "2001.07.27"]
[Round "?"]
[White "Hossa"]
[Black "Panthee"]
[Result "1-0"]
[WhiteElo "2530"]
[BlackElo "2200"]
[PlyCount "79"]
[EventDate "2001.??.??"]

1. e4 c5 2. Nf3 d6 3. d4 cxd4 4. Nxd4 Nf6 5. Nc3 a6 6. Be3 e6 7. Be2 Be7 8. f4
O-O 9. O-O Qc7 10. Qe1 Nc6 11. Qg3 Nxd4 12. Bxd4 b5 13. e5 dxe5 14. fxe5 Nd7
15. Qe3 Bb7 16. a3 Rad8 17. Bf3 Bxf3 18. Rxf3 Bc5 19. Bxc5 Qxc5 20. Qxc5 Nxc5
21. Re1 Rd2 22. Re2 Rfd8 23. Kf2 R8d4 24. Ke3 Rxe2+ 25. Kxd4 Rxg2 26. Kxc5 Rxh2
27. b4 Rxc2 28. Kb6 g5 29. Kxa6 g4 30. Re3 h5 31. Ne4 h4 32. Nf6+ Kg7 33. Nxg4
Kg6 34. Kxb5 Kg5 35. Nf6 Kf4 36. Re4+ Kg3 37. Rg4+ Kh3 38. a4 Re2 39. Re4 Rf2
40. a5 {Panthee resigns} 1-0

[Event "ICS unrated blitz match"]
[Site "204.178.125.65"]
[Date "2001.07.27"]
[Round "?"]
[White "Panthee"]
[Black "Hossa"]
[Result "0-1"]
[WhiteElo "2200"]
[BlackElo "2530"]
[PlyCount "70"]
[EventDate "2001.??.??"]

1. e4 e5 2. Nf3 Nc6 3. Bc4 Nf6 4. Ng5 d5 5. exd5 Na5 6. Bb5+ Bd7 7. Qe2 Be7 8.
Nc3 O-O 9. O-O c6 10. dxc6 Nxc6 11. Bxc6 Bxc6 12. d3 Qd4 13. Be3 Qh4 14. Nf3
Qh5 15. Nd2 Qxe2 16. Nxe2 Nd5 17. Nf3 f6 18. Bd2 Nc7 19. Ne1 Ne6 20. f4 Bc5+
21. Kh1 exf4 22. Nxf4 Nxf4 23. Bxf4 Rfe8 24. Nf3 Re2 25. Rac1 g5 26. Bg3 Rae8
27. Rfe1 g4 28. Nh4 Kf7 29. Rxe2 Rxe2 30. a3 a5 31. b4 axb4 32. axb4 Bxb4 33.
Kg1 Ba3 34. Kf1 Rd2 35. Re1 Rxc2 {Panthee resigns} 0-1

[Event "ICS rated blitz match"]
[Site "204.178.125.65"]
[Date "2001.07.27"]
[Round "?"]
[White "jazzman-cps"]
[Black "Hossa"]
[Result "0-1"]
[WhiteElo "2030"]
[BlackElo "2530"]
[PlyCount "82"]
[EventDate "2001.??.??"]

1. e4 e5 2. Nf3 Nc6 3. Bb5 a6 4. Bxc6 dxc6 5. O-O Qd6 6. d4 exd4 7. Qxd4 Qxd4
8. Nxd4 Nf6 9. Re1 Bc5 10. c3 Be6 11. Bg5 Ng4 12. h3 Ne5 13. Nd2 Nd3 14. Re2
Nxb2 15. Rb1 Na4 16. Rxb7 Nxc3 17. Nxe6 Nxe2+ 18. Kf1 fxe6 19. Kxe2 Rf8 20. f3
h6 21. Bh4 Kd7 22. Nc4 Rfb8 23. Rxb8 Rxb8 24. Ne5+ Ke8 25. Nxc6 Rb2+ 26. Kf1
Rxa2 27. f4 Ra4 28. f5 exf5 29. Bf2 Ra1+ 30. Ke2 Ra2+ 31. Kd3 fxe4+ 32. Kc4
Bxf2 33. Ne5 e3 34. Kd3 e2 35. Ng4 Bg3 36. Ne3 e1=Q 37. Nc4 Qd1+ 38. Ke4 Ra4
39. Kf5 Qd3+ 40. Kg4 Rxc4+ 41. Kh5 Rh4# {jazzman-cps checkmated} 0-1

[Event "ICS rated blitz match"]
[Site "204.178.125.65"]
[Date "2001.07.27"]
[Round "?"]
[White "cfd"]
[Black "Hossa"]
[Result "0-1"]
[WhiteElo "2195"]
[BlackElo "2532"]
[PlyCount "118"]
[EventDate "2001.??.??"]

1. d4 Nf6 2. c3 d5 3. Bg5 Ne4 4. Bf4 e6 5. Nd2 Nxd2 6. Qxd2 c5 7. e3 Nd7 8. Nf3
cxd4 9. cxd4 Qb6 10. a3 Bd6 11. Bxd6 Qxd6 12. Bd3 O-O 13. O-O e5 14. dxe5 Nxe5
15. Nxe5 Qxe5 16. Rfd1 Bg4 17. Be2 Bxe2 18. Qxe2 Rad8 19. Rd4 Rd6 20. Rad1 Rc8
21. h3 Rcd8 22. Qb5 b6 23. b4 g6 24. a4 f5 25. a5 bxa5 26. bxa5 R6d7 27. Qc6
Qd6 28. Qxd6 Rxd6 29. Kf1 Kf7 30. f3 Ke6 31. Ke2 Ra6 32. Ra1 Rb8 33. f4 Rb5 34.
Rda4 Rb2+ 35. Kf3 Rc6 36. R1a2 Rb1 37. Ra1 Rb3 38. R1a3 Rxa3 39. Rxa3 h5 40. g4
h4 41. g5 Rc2 42. Rb3 Rh2 43. Rb7 Rxh3+ 44. Kf2 d4 45. exd4 Kd5 46. Rxa7 Kxd4
47. Rg7 Ke4 48. Rxg6 Kxf4 49. Rg7 Rh2+ 50. Kg1 Ra2 51. Rh7 Kg3 52. Kf1 Ra1+ 53.
Ke2 f4 54. g6 Ra2+ 55. Kd3 Ra3+ 56. Kc4 Rxa5 57. g7 Rg5 58. Kd4 h3 59. Ke4 h2 {
cfd resigns} 0-1

[Event "ICS rated standard match"]
[Site "204.178.125.65"]
[Date "2001.07.27"]
[Round "?"]
[White "Hossa-Tester"]
[Black "Hossa"]
[Result "1-0"]
[WhiteElo "2001"]
[BlackElo "2256"]
[PlyCount "98"]
[EventDate "2001.??.??"]

1. e4 e5 2. Nf3 Nc6 3. d4 exd4 4. Nxd4 Bc5 5. Be3 Qf6 6. c3 Nge7 7. Bc4 O-O 8.
O-O Ne5 9. Be2 d5 10. f4 Qh6 11. Qd2 Ng4 12. Bxg4 Bxg4 13. f5 Qh5 14. h3 Bxh3
15. gxh3 Qxh3 16. Rf3 Qh5 17. Rg3 g6 18. f6 Nc8 19. exd5 Bd6 20. Rg5 Qh3 21.
Bf4 Qh4 22. Bxd6 Nxd6 23. Nf3 Qe4 24. Qf2 Qf4 25. Nbd2 Qxf6 26. Re5 Nf5 27. Ne4
Qg7 28. Re1 f6 29. Re6 a6 30. Nd4 Kh8 31. c4 Rf7 32. Nf3 a5 33. a4 Rg8 34. b3
Rgf8 35. Qb2 Kg8 36. c5 Nh6 37. d6 Ng4 38. Qd2 h6 39. Qxa5 cxd6 40. cxd6 f5 41.
Nc5 g5 42. d7 Rxd7 43. Qb6 Nf6 44. Nxd7 Nxd7 45. Qd6 Nf6 46. Re7 Rf7 47. Rxf7
Qxf7 48. Re7 Ng4 49. Rxf7 Kxf7 {Hossa resigns} 1-0

[Event "ICS rated standard match"]
[Site "204.178.125.65"]
[Date "2001.07.27"]
[Round "?"]
[White "Hossa"]
[Black "Hossa-Tester"]
[Result "1-0"]
[WhiteElo "2230"]
[BlackElo "2027"]
[PlyCount "25"]
[EventDate "2001.??.??"]

1. e4 e5 2. Nf3 Nc6 3. Bb5 Bc5 4. d3 Nf6 5. O-O d6 6. d4 exd4 7. Bxc6+ bxc6 8.
Nxd4 Qd7 9. Bg5 Ba6 10. Re1 Ng4 11. h3 Ne5 12. Nb3 Bb6 13. a4 {
Hossa-Tester resigns} 1-0

[Event "ICS rated standard match"]
[Site "204.178.125.65"]
[Date "2001.07.27"]
[Round "?"]
[White "Hossa-Tester"]
[Black "Hossa"]
[Result "1-0"]
[WhiteElo "2019"]
[BlackElo "2238"]
[PlyCount "120"]
[EventDate "2001.??.??"]

1. e4 e5 2. f4 exf4 3. Bc4 Nf6 4. Nc3 c6 5. Bb3 d5 6. exd5 Nxd5 7. Nxd5 cxd5 8.
Qh5 Be6 9. Ne2 g5 10. Nd4 Kd7 11. h4 Nc6 12. Nxe6 fxe6 13. hxg5 Bd6 14. c3 Qe7
15. g6 hxg6 16. Qxh8 Rxh8 17. Rxh8 d4 18. Bd1 e5 19. Bg4+ Kc7 20. a4 e4 21. Kf1
Kb6 22. Rh3 Kc5 23. b4+ Kc4 24. Rb1 dxc3 25. Be2+ Kd5 26. dxc3 e3 27. Bb2 Ke6
28. Rd1 Ne5 29. a5 Kf5 30. Rd5 Bc7 31. Rb5 Bb8 32. Rh8 a6 33. Rd5 Bc7 34. c4
Kf6 35. Bc3 Ke6 36. Rh6 Qg7 37. Bg4+ Kf6 38. Rh3 Bb8 39. Rd7 Qg8 40. Be2 b5 41.
axb6 Ke6 42. Rdh7 f3 43. gxf3 Qf8 44. c5 Qf5 45. Be1 Kf6 46. R7h4 Qb1 47. Rf4+
Kg7 48. Rd4 Qf5 49. Rdh4 Kf6 50. f4 g5 51. Rh8 Qxf4+ 52. Kg1 Ng6 53. Rf3 Nxh8
54. Rxf4+ gxf4 55. Bc3+ Ke6 56. Bxh8 Kd7 57. Bd4 Kd8 58. c6 Bd6 59. Bf6+ Be7
60. c7+ Kd7 {Hossa resigns} 1-0

[Event "ICS rated standard match"]
[Site "204.178.125.65"]
[Date "2001.07.28"]
[Round "?"]
[White "Hossa"]
[Black "Hossa-Tester"]
[Result "0-1"]
[WhiteElo "2213"]
[BlackElo "2044"]
[PlyCount "81"]
[EventDate "2001.??.??"]

1. e4 e5 2. Nf3 Nc6 3. Bb5 a6 4. Ba4 Nf6 5. O-O Nxe4 6. d4 b5 7. Bb3 d5 8. dxe5
Be6 9. Be3 Nc5 10. Bg5 Qd7 11. Nbd2 h6 12. Bh4 g5 13. Bg3 Bg7 14. Qe2 O-O 15.
Qe3 d4 16. Bxe6 Nxe6 17. Qe2 Rfe8 18. h4 g4 19. Nh2 h5 20. f4 Nb4 21. Ne4 Qc6
22. Rf2 Rad8 23. Qd2 Qxe4 24. Qxb4 Bf8 25. Qd2 d3 26. f5 Ng7 27. f6 Ne6 28. Nf1
Bc5 29. cxd3 Rxd3 30. Qc2 Red8 31. Bh2 c6 32. a4 Bxf2+ 33. Qxf2 Rd1 34. Rxd1
Rxd1 35. axb5 cxb5 36. Bg3 Qd3 37. b3 Rxf1+ 38. Qxf1 Qxg3 39. Qa1 Qxb3 40. Qxa6
Qe3+ 41. Kf1 {Hossa resigns} 0-1